[Event "Hessen-ch Gr-D 64th"]
[Site "Bad Vilbel"]
[Date "2010.04.02"]
[Round "1"]
[White "Gertz, Berthold"]
[Black "Joeckel, Thomas"]
[Result "1-0"]
[WhiteElo "1953"]
[BlackElo "1613"]
[PlyCount "65"]
[EventDate "2010.03.31"]
[EventType "swiss"]
[EventRounds "5"]
[EventCountry "GER"]
[SourceTitle "EXT 2011"]
[Source "ChessBase"]
[SourceDate "2010.11.26"]
[SourceVersion "1"]
[SourceVersionDate "2010.11.26"]
[SourceQuality "1"]

1. d4 Nf6 2. c4 e5 3. e3 Bb4+ 4. Bd2 Bxd2+ 5. Nxd2 exd4 6. exd4 0-0 7. Bd3 d6 8. Ne2 Nc6 9. 0-0 Bg4 10. Nb3 Qe7 11. Qd2 Rfe8 12. Rae1 Qd7 13. f3 Bf5 14. Ng3 Bxd3 15. Qxd3 Rxe1 16. Rxe1 Re8 17. Ne4 Nxe4 18. Rxe4 Rxe4 19. Qxe4 Qe6 20. a3 Qxe4 21. fxe4 a5 22. a4 b6 23. Kf2 f6 24. Ke3 Kf7 25. h3 Ke7 26. c5 dxc5 27. dxc5 Ke6 28. Nd4+ Nxd4 29. Kxd4 g6 30. Kc4 Ke5 31. cxb6 cxb6 32. Kb5 Kxe4 33. Kxb6 1-0

[Event "Hessen-ch Gr-D"]
[Site "Idstein"]
[Date "2009.04.11"]
[Round "3"]
[White "Aleanakian, Gabriel"]
[Black "Joeckel, Thomas"]
[Result "1-0"]
[WhiteElo "1725"]
[BlackElo "1623"]
[PlyCount "101"]
[EventDate "2009.04.10"]
[EventType "swiss"]
[EventRounds "5"]
[EventCountry "GER"]
[SourceTitle "EXT 2010"]
[Source "ChessBase"]
[SourceDate "2010.11.25"]
[SourceVersion "1"]
[SourceVersionDate "2010.11.25"]
[SourceQuality "1"]

1. Nf3 d5 2. c4 d4 3. e3 dxe3 4. fxe3 c5 5. d4 e6 6. Be2 Nf6 7. Nc3 Be7 8. 0-0 0-0 9. b3 a6 10. Bb2 Qc7 11. d5 exd5 12. Nxd5 Nxd5 13. Qxd5 Be6 14. Qh5 Nd7 15. Ng5 Bxg5 16. Qxg5 f6 17. Qh4 Ne5 18. Qg3 Rad8 19. Rad1 Rxd1 20. Rxd1 Rf7 21. Bxe5 fxe5 22. Bf3 Rd7 23. Bd5 Bxd5 24. cxd5 e4 25. Qxc7 Rxc7 26. Kf2 Kf7 27. Kg3 Kf6 28. Kf4 Re7 29. h4 h6 30. h5 Re8 31. d6 Rd8 32. Kxe4 Ke6 33. d7 Rxd7 34. Rxd7 Kxd7 35. Kf5 Ke7 36. e4 b5 37. Ke5 c4 38. bxc4 bxc4 39. Kd4 Ke6 40. Kxc4 Ke5 41. Kd3 Ke6 42. Kd4 Kd6 43. g3 a5 44. a4 Ke6 45. e5 Ke7 46. Kd5 Kd7 47. Kc5 Ke6 48. Kb5 Kxe5 49. Kxa5 Kd6 50. Kb6 Kd7 51. Kb7 1-0

[Event "MVS Bezirks-ch"]
[Site "Bad Soden Salmuenster"]
[Date "2001.11.18"]
[Round "3"]
[White "Mueller, Achim"]
[Black "Joeckel, Thomas"]
[Result "1-0"]
[WhiteElo "2082"]
[BlackElo "1603"]
[PlyCount "67"]
[EventDate "2001.11.??"]
[EventType "swiss"]
[EventRounds "7"]
[EventCountry "GER"]
[SourceTitle "EXT 2004"]
[Source "ChessBase"]
[SourceDate "2003.11.25"]
[SourceVersion "1"]
[SourceVersionDate "2003.11.25"]
[SourceQuality "1"]

1. e4 Nf6 2. Nc3 d5 3. e5 Nfd7 4. f4 e6 5. Nf3 c5 6. d4 Nc6 7. Bd3 cxd4 8. Ne2 Bb4+ 9. Bd2 Bxd2+ 10. Qxd2 Qb6 11. Rb1 a5 12. 0-0 0-0 13. Qe1 f5 14. g4 Nc5 15. gxf5 Nxd3 16. cxd3 Rxf5 17. Qh4 h6 18. Kh1 Bd7 19. Rg1 Qd8 20. Qxh6 Qf8 21. Qh3 Kf7 22. Qh7 Qh8 23. Qg6+ Kg8 24. Rg2 Ne7 25. Qg4 Raf8 26. Nfxd4 Rh5 27. Rbg1 Rf7 28. Nxe6 Rh4 29. Qxg7+ Rxg7 30. Rxg7+ Qxg7 31. Rxg7+ Kh8 32. Rxe7 Rh7 33. Rxh7+ Kxh7 34. Nf8+ 1-0